000
00320nam a22001337a 4500
020
_a
8120324528
082
_a
001.42
_b
PAN/RE
100
_a
Paneerselvam R.
_9
1369
245
_a
Research Methodology
250
_a
1st
260
_a
New Delhi
_b
Prentice Hall of India Private Limited
_c
2005
300
_a
639
942
_c
BBS
999
_c
14751
_d
14751